| 000 | 01031nam a2200265Ia 4500 | ||
|---|---|---|---|
| 003 | OSt | ||
| 005 | 20221005104831.0 | ||
| 006 | a|||||r|||| 00| 0 | ||
| 007 | ta | ||
| 008 | 221004b |||||||| |||| 00| 0 hin d | ||
| 020 |
_a8173120188 (hbk) _c595 |
||
| 024 | _a100987 | ||
| 037 |
_b405, 22/03/2010, Swaraj Prakashan _cTextual |
||
| 040 |
_aCRL _cCRL _bhin |
||
| 041 |
_2hin _ahin |
||
| 082 | _aO157,1N334w,1, 152P3 | ||
| 100 | _aचतुर्वेदी, जगदीशवर | ||
| 245 | 0 |
_aमेरे संस्मरण _b मेरे साक्षात्कार |
|
| 246 | _aMere sansmaraṇa: mere sākṣhātkāra | ||
| 260 |
_aदिल्ली _bश्री नटराज प्रकाशन भारत _c2003 |
||
| 300 |
_a320पृ0 _ccm. |
||
| 650 | _aबंगाली साहित्य | ||
| 942 |
_hO157,1N334w,1, 152P3 _cTEXL _2cc |
||
| 999 |
_c1013934 _d1013934 |
||